MARC

LEADER 00000nam0a2200000 4500
001 58164
005 20251215165853.0
010 |a 5852091103 
035 |a (RuTPU)RU\TPU\book\61412 
090 |a 58164 
100 |a 20031124d1966 km y0rusy50 ca 
101 0 |a rus 
102 |a RU 
105 |a y z 000zy 
200 1 |a Как возникло человечество  |f Ю. И. Семенов 
210 |a Москва  |c Изд-во ГПИБ  |d 1966 
215 |a 576 с. 
610 1 |a история 
610 1 |a всемирная история 
610 1 |a человеческое общество 
610 1 |a становление 
610 1 |a родовые общества 
610 1 |a человек 
610 1 |a происхождение 
610 1 |a зоологические объединения 
610 1 |a стадо 
610 1 |a первобытный строй 
610 1 |a производство 
610 1 |a производительные силы 
610 1 |a каменный век 
610 1 |a орудия труда 
610 1 |a первобытное человеческое стадо 
610 1 |a магия 
610 1 |a религия 
610 1 |a неандертальцы 
610 1 |a тотемизм 
686 |a Т3(0)2  |2 rubbk 
700 1 |a Семенов  |b Ю. И.  |g Юрий Иванович 
712 0 2 |a Государственная публичная историческая библиотека РСФСР  |c Москва  |c 1938-1991  |9 89086 
801 1 |a RU  |b 63413507  |c 20021210  |g PSBO 
801 2 |a RU  |b 63413507  |c 20200518  |g PSBO 
942 |c BK